000 00390nam a2200157Ia 4500
008 230711s9999||||xx |||||||||||||| ||und||
041 _aENG
082 _a621.381
_bMO-I
100 _aMorris,Noel
245 0 _aIndustrial electronics
250 _a1st
260 _c1978
_aNew Delhi
_bTata McGraw Hill Education Limited
300 _a303
650 _aElectronics Engineering
942 _cBK
999 _c3309
_d3309